Word Ladder: US Supreme Court Quiz Stats

 Plays Quiz Updated Oct 16, 2012

Support Sporcle.
Go Orange.
Score 0/31 Timer 04:00
0 Plays Today
Hint 4-Letter Word % Correct
FrigidCOLD
95.1%
Cause painHURT
92.9%
Horse or revolverCOLT
92.5%
Student who already got their B.A.GRAD
89.2%
Kick a pigskinPUNT
88.9%
InformedTOLD
88%
•US SC Justice Ward (1872-82), Ward ____
What Elmer Fudd does
•HUNT•
86.1%
•US SC Justice (1881-1902), Horace ____
White plus black
•GRAY•
83.6%
Brief; abruptCURT
82.3%
To unravel, as a rope endFRAY
81%
Peoples Temple, e.g.CULT
80.7%
Confined, as emotions, with upPENT
80.5%
Inflatable marine vesselRAFT
80%
•US SC Chief Justice (1921-30), William Howard ____
(who was also the 27th US President)
•TAFT•
79.9%
____ Majors, 'Rocky Horror' roleBRAD
79.4%
ΑΣΦ, e.g.FRAT
78.3%
Hint 4-Letter Word % Correct
Decorative bracelet componentBEAD
77.3%
Boggy turfPEAT
69.7%
1950s counterculture generationBEAT
69.5%
•US SC Justice (1938-57), Stanley Forman ____
An oboe has a double one
•REED•
66.9%
An act of daring or exploitFEAT
66.4%
Social finesseTACT
65%
Tear in twoREND
61.1%
A pause in a piece of musicREST
60.7%
4-star general or private, e.g.RANK
59.6%
Currency of South AfricaRAND
57.6%
Gala or extravaganza, for shortFEST
57.4%
Plundered; raidedREFT
55.4%
•US SC Justice (1807-26), Thomas ____
Rod Flanders' brother
•TODD•
54.5%
Sail upwindTACK
54.2%
'____ City,' 2011 Tyga songRACK
51.7%

Today's Daily Dose

You're not logged in!

Compare scores with friends on all Sporcle quizzes.
OR
Log In
Forgot?

From the Vault

Symmetric Crossword III

by ml1234567

All the crossword, half the clues.
Remove Ads.
Support Sporcle.
Get the best of Sporcle when you Go Orange. This ad-free experience offers more features, more stats, and more fun while also helping to support Sporcle. Thank you for becoming a member.

Show Comments

Extras

Top Quizzes Today


Score Distribution

Your Account Isn't Verified!

In order to create a playlist on Sporcle, you need to verify the email address you used during registration. Go to your Sporcle Settings to finish the process.

Report this User

Report this user for behavior that violates our Community Guidelines.

Details: